000 00760nam a22002537a 4500
999 _c426825
_d426825
001 46722
003 UA-OsUOA
005 20200305160336.0
007 ta
008 20120510b un ||||| |||| 00| 0 ukr d
040 _aUA-OsUOA
_bukr
_cUA-OsUOA
_dUA-OsUOA
041 _aukr
080 _a09.-82-31
090 _a09.-82-31
_bС24
100 _aСвидницький А.
245 _aЛюборацькі: сімейна хроніка
260 _aК.
_aЛяйпціг
_bУкраїнська накладня
300 _a303 с.
650 7 _a0 Загальний відділ.
_2UDC
942 _cBK
_2udc
955 _a3